| 000 | 00607nam a2200229Ia 4500 | ||
|---|---|---|---|
| 999 |
_c45604 _d45604 |
||
| 001 | 12430 | ||
| 003 | GE_BSU | ||
| 005 | 20221117135653.0 | ||
| 008 | 181216s2001en xx |||||||||||||| ||eng|| | ||
| 020 | _a9780747266389 x | ||
| 040 | _cGE_BSU | ||
| 041 | _aeng | ||
| 080 | _a821.111-32 C-65 | ||
| 100 |
_aCox,Josephine. _915890 |
||
| 245 |
_aLet it shine / _cJosephine Cox |
||
| 264 |
_aLondon : _bHeadline, _c2001. |
||
| 300 |
_a436 p.: _b18 cm. |
||
| 653 | _aLet it shine. | ||
| 653 | _aდაე, ბრწყინავდეს. | ||
| 653 | _aლიტერატურა | ||
| 942 |
_cBK _2udc |
||